000 00999nam a2200205Ii 4500
003 JO-AjNU
008 230605s9999||||xx |||||||||||||| ||und||
040 _aJO-AjNU
_bara
_erda
_cJO-AjNU
041 _aara
050 1 4 _aJX1391.2005
100 3 _a الشحف ، فريد حاتم ,
_eauthor
_915729
245 0 0 _aالعلاقات الروسية الإيرانية وأثرها على الخريطة الجيوسياسية في منطقة الخليج العربي ومنطقة آسيا الوسطى والقفقاس
250 _aط1
264 3 1 _aسوريا : دار الطليعة ، 2005
300 _a159ص
336 _atext
_btxt
_2rdacontent
337 _aunmediated
_bn
_2rdamedia
338 _avolume
_bnc
_2rdacarrier
650 4 _aالجغرافيا السياسية - آسيا الوسطى -- الجغرافيا السياسية - دول الخليج العربية -- إيران - علاقات خارجية - روسيا -- روسيا - علاقات خارجية -- إيران
_915730
999 _aA4510
_c8078
_d8078